[Event "CZE-chT2D 2122"]
[Site "Czech Republic"]
[Date "2021.12.05"]
[Round "4.2"]
[White "Kosek, Marek"]
[Black "Fisar, Josef"]
[Result "1-0"]
[WhiteElo "2162"]
[BlackElo "2084"]
[PlyCount "132"]
[EventDate "2021.10.17"]
[EventType "team-tourn"]
[EventRounds "11"]
[EventCountry "CZE"]
[SourceTitle "EXT 2025"]
[Source "ChessBase"]
[SourceDate "2024.10.14"]
[SourceVersion "1"]
[SourceVersionDate "2024.10.14"]
[SourceQuality "1"]
[WhiteTeam "Vysoke Myto"]
[BlackTeam "Zdar nad Sazavou"]
[WhiteTeamCountry "CZE"]
[BlackTeamCountry "CZE"]

1. d4 Nf6 2. Nf3 c5 3. e3 g6 4. g3 Bg7 5. Bg2 0-0 6. 0-0 d5 7. b3 Nc6 8. Bb2 cxd4 9. Nxd4 Re8 10. Nxc6 bxc6 11. Be5 Bf5 12. Nd2 Bh6 13. c4 Qa5 14. Bxf6 exf6 15. cxd5 cxd5 16. Nf3 Be4 17. Nd4 Bxg2 18. Kxg2 Rac8 19. Re1 f5 20. Re2 Bg7 21. Rb1 Re4 22. Nf3 d4 23. exd4 Qd5 24. Kg1 Rc3 25. Ng5 Rxd4 26. Re8+ Bf8 27. Qf1 Rcd3 28. Rbe1 Rd1 29. Nh3 Rxe1 30. Rxe1 Bb4 31. Nf4 Qd7 32. Rb1 Rd2 33. Qc4 Ba5 34. a3 Bb6 35. Rf1 Rd4 36. Qc3 Rd2 37. Qc4 Rd4 38. Qc3 Rd2 39. Qc4 Kg7 40. Qc3+ Qd4 41. Qxd4+ Bxd4 42. Nh3 Kf6 43. Rc1 f4 44. Nxf4 Rxf2 45. Kh1 Kf5 46. Nd3 Ra2 47. Rf1+ Ke4 48. Nb4 Ra1 49. Kg2 Rxf1 50. Kxf1 Bc5 51. Nc6 Kd5 52. Nd8 f5 53. b4 Bb6 54. Nf7 Kc4 55. Ke2 Kb3 56. Kd3 Kxa3 57. Kc4 Bg1 58. h3 h5 59. Ne5 Bf2 60. Nxg6 Bxg3 61. Ne7 f4 62. Nc6 Bf2 63. Kd3 Ka4 64. Ke4 a6 65. Nb8 Kb5 66. Kxf4 h4 1-0

[Event "CZE-chT2D 2122"]
[Site "Czech Republic"]
[Date "2021.11.21"]
[Round "3.2"]
[White "Cech, Pavel"]
[Black "Kosek, Marek"]
[Result "1-0"]
[WhiteElo "2337"]
[BlackElo "2162"]
[PlyCount "55"]
[EventDate "2021.10.17"]
[EventType "team-tourn"]
[EventRounds "11"]
[EventCountry "CZE"]
[SourceTitle "EXT 2025"]
[Source "ChessBase"]
[SourceDate "2024.10.14"]
[SourceVersion "1"]
[SourceVersionDate "2024.10.14"]
[SourceQuality "1"]
[WhiteTeam "Rychnov nad Kneznou Panda"]
[BlackTeam "Vysoke Myto"]
[WhiteTeamCountry "CZE"]
[BlackTeamCountry "CZE"]

1. d4 Nf6 2. Bg5 d5 3. e3 c5 4. Nc3 e6 5. Nf3 Be7 6. Bd3 Nc6 7. 0-0 0-0 8. dxc5 Nd7 9. Bxe7 Qxe7 10. e4 dxe4 11. Nxe4 Nxc5 12. Nxc5 Qxc5 13. Qe2 h6 14. Rfe1 Bd7 15. Qe4 g6 16. Qf4 Kg7 17. h4 Rae8 18. Ne5 Nxe5 19. Rxe5 Qe7 20. h5 b6 21. Qg3 Qf6 22. hxg6 fxg6 23. Rae1 Re7 24. R1e3 Bc6 25. Bc4 Qf4 26. Rxe6 Rxe6 27. Qxf4 Rxf4 28. Bxe6 1-0

[Event "CZE-chT2D 2122"]
[Site "Czech Republic"]
[Date "2021.11.07"]
[Round "2.3"]
[White "Prymula, Roman"]
[Black "Kosek, Marek"]
[Result "1/2-1/2"]
[WhiteElo "2163"]
[BlackElo "2162"]
[PlyCount "76"]
[EventDate "2021.10.17"]
[EventType "team-tourn"]
[EventRounds "11"]
[EventCountry "CZE"]
[SourceTitle "EXT 2025"]
[Source "ChessBase"]
[SourceDate "2024.10.14"]
[SourceVersion "1"]
[SourceVersionDate "2024.10.14"]
[SourceQuality "1"]
[WhiteTeam "Hradec Kralove Slavia"]
[BlackTeam "Vysoke Myto"]
[WhiteTeamCountry "CZE"]
[BlackTeamCountry "CZE"]

1. d4 d5 2. c3 Nf6 3. Bg5 e6 4. Nd2 Nbd7 5. f4 h6 6. Bxf6 Qxf6 7. e3 g5 8. g3 gxf4 9. exf4 c5 10. Ngf3 Bd6 11. Bg2 Nb8 12. Ne5 Nc6 13. Ndf3 Qe7 14. 0-0 Bd7 15. Nxd7 Qxd7 16. Ne5 Qc7 17. Nxc6 bxc6 18. f5 e5 19. dxe5 Bxe5 20. Qa4 0-0-0 21. Rae1 f6 22. c4 h5 23. cxd5 cxd5 24. Qa6+ Qb7 25. Qe6+ Kb8 26. Rxe5 fxe5 27. Qxe5+ Qc7 28. Qe6 Rd6 29. Qe5 Rdd8 30. Qc3 Rhf8 31. f6 Rd6 32. Qe5 Rdxf6 33. Qxd5 Rxf1+ 34. Bxf1 h4 35. Bg2 Kc8 36. Bh3+ Kb8 37. Bg2 Kc8 38. Bh3+ Kb8 1/2-1/2

[Event "Pardubice Czech op-E 32nd"]
[Site "Pardubice"]
[Date "2021.07.16"]
[Round "2.2"]
[White "Vykouk, Jan"]
[Black "Kosek, Marek"]
[Result "1-0"]
[WhiteElo "2442"]
[BlackElo "2173"]
[PlyCount "71"]
[EventDate "2021.07.15"]
[EventType "team-swiss"]
[EventRounds "7"]
[EventCountry "CZE"]
[SourceTitle "CBM 203 Extra"]
[Source "ChessBase"]
[SourceDate "2021.09.30"]
[SourceVersion "1"]
[SourceVersionDate "2021.09.30"]
[SourceQuality "1"]
[WhiteTeam "Turnov Zikuda"]
[BlackTeam "Vysoke Myto"]
[WhiteTeamCountry "CZE"]
[BlackTeamCountry "CZE"]

1. e4 e5 2. Nf3 Nc6 3. Bc4 Bc5 4. 0-0 Nf6 5. d3 d6 6. c3 h6 7. Re1 0-0 8. Nbd2 Bb6 9. Nf1 Ne7 10. h3 Ng6 11. Ng3 Re8 12. Bb3 Be6 13. d4 Bxb3 14. Qxb3 exd4 15. cxd4 Re7 16. Bd2 Qe8 17. Qd3 Rd8 18. Rad1 a6 19. Qc2 Qc6 20. Bc3 Ba5 21. d5 Qc5 22. Re3 Rde8 23. Rc1 Bxc3 24. Rxc3 Qb6 25. Nd2 Ne5 26. Nc4 Nxc4 27. Rxc4 Rc8 28. Nf5 Rd7 29. Qc3 Ne8 30. Rb4 Qa7 31. e5 dxe5 32. Qxe5 Kh7 33. Nxh6 Rcd8 34. Nf5 Kg8 35. Rg4 f6 36. Qe6+ 1-0

[Event "CZE-chT2D 1920"]
[Site "Czech Republic"]
[Date "2019.11.03"]
[Round "2.3"]
[White "Bukacek, Lubomir"]
[Black "Kosek, Marek"]
[Result "0-1"]
[WhiteElo "2124"]
[BlackElo "2142"]
[PlyCount "93"]
[EventDate "2019.10.13"]
[EventType "team-tourn"]
[EventRounds "11"]
[EventCountry "CZE"]
[SourceTitle "EXT 2024"]
[Source "ChessBase"]
[SourceDate "2023.10.10"]
[SourceVersion "1"]
[SourceVersionDate "2023.10.10"]
[SourceQuality "1"]
[WhiteTeam "Zdar nad Sazavou"]
[BlackTeam "Vysoke Myto"]
[WhiteTeamCountry "CZE"]
[BlackTeamCountry "CZE"]

1. d4 Nf6 2. c4 e6 3. Nc3 d5 4. Nf3 c5 5. Bg5 dxc4 6. Qa4+ Bd7 7. Qxc4 cxd4 8. Nxd4 Be7 9. Ndb5 Nc6 10. Rd1 0-0 11. Nd6 Rb8 12. h4 a6 13. a4 Qa5 14. Rh3 Rfd8 15. Bxf6 Bxf6 16. Nde4 Bxc3+ 17. Nxc3 Be8 18. Rxd8 Rxd8 19. Rd3 Rxd3 20. Qxd3 Qb4 21. Qd2 Qxh4 22. e3 Qd8 23. Qc2 Qa5 24. Qe4 Qb4 25. Qc2 Qa5 26. Qe4 Qb4 27. Qc2 h6 28. Be2 Ne7 29. Bf3 Bc6 30. Bxc6 Nxc6 31. Kd1 Qg4+ 32. f3 Qg5 33. Qd2 Qd8 34. Ne4 Kf8 35. Nd6 Qd7 36. Kc2 Ke7 37. Ne4 Qxd2+ 38. Kxd2 b6 39. Kc3 Kd7 40. b4 Ne7 41. a5 f5 42. b5 fxe4 43. bxa6 bxa5 44. a7 Nd5+ 45. Kc4 exf3 46. gxf3 h5 47. a8Q 0-1

[Event "CZE-chT2D 1819"]
[Site "Czech Republic"]
[Date "2019.03.17"]
[Round "10.4"]
[White "Kosek, Marek"]
[Black "Lampir, Tomas"]
[Result "1-0"]
[WhiteElo "2121"]
[BlackElo "2052"]
[PlyCount "69"]
[EventDate "2018.10.14"]
[EventType "team-tourn"]
[EventRounds "11"]
[EventCountry "CZE"]
[SourceTitle "EXT 2022"]
[Source "ChessBase"]
[SourceDate "2021.10.06"]
[SourceVersion "1"]
[SourceVersionDate "2021.10.06"]
[SourceQuality "1"]
[WhiteTeam "Vysoke Myto"]
[BlackTeam "Dalesice Pivovar"]
[WhiteTeamCountry "CZE"]
[BlackTeamCountry "CZE"]

1. c4 e5 2. Nc3 Nf6 3. g3 d5 4. cxd5 Nxd5 5. Bg2 Nb6 6. Nf3 Nc6 7. 0-0 Be7 8. a3 a5 9. d3 0-0 10. Be3 Be6 11. Rc1 h6 12. Ne4 Qc8 13. Bxb6 cxb6 14. Nxe5 Qe8 15. Nxc6 bxc6 16. Nd2 Rc8 17. Qa4 Bd7 18. Qb3 b5 19. d4 Be6 20. Qc2 Qd7 21. Qd3 Rfd8 22. Nf3 c5 23. Rfd1 c4 24. Qb1 Qa7 25. e3 Bg4 26. h3 Bxf3 27. Bxf3 b4 28. axb4 axb4 29. Qf5 Qa2 30. Bd5 Bf6 31. Ra1 Qxb2 32. Ra7 Rxd5 33. Qxc8+ Rd8 34. Qxc4 Rb8 35. Ra2 1-0

[Event "CZE-chT2D 1819"]
[Site "Czech Republic"]
[Date "2019.01.13"]
[Round "6.4"]
[White "Kulovana, Eva"]
[Black "Kosek, Marek"]
[Result "1/2-1/2"]
[WhiteElo "2181"]
[BlackElo "2121"]
[PlyCount "91"]
[EventDate "2018.10.14"]
[EventType "team-tourn"]
[EventRounds "11"]
[EventCountry "CZE"]
[SourceTitle "EXT 2022"]
[Source "ChessBase"]
[SourceDate "2021.10.06"]
[SourceVersion "1"]
[SourceVersionDate "2021.10.06"]
[SourceQuality "1"]
[WhiteTeam "Brno Lokomotiva"]
[BlackTeam "Vysoke Myto"]
[WhiteTeamCountry "CZE"]
[BlackTeamCountry "CZE"]

1. e4 c5 2. Nf3 Nc6 3. Bb5 g6 4. Bxc6 dxc6 5. d3 Bg7 6. h3 Nf6 7. Nc3 Nd7 8. Be3 e5 9. Qd2 h6 10. Nh2 b6 11. 0-0-0 Nf8 12. f4 exf4 13. Bxf4 Ne6 14. Be3 Qe7 15. Rdf1 Nd4 16. Ng4 g5 17. Qf2 f5 18. exf5 Nxf5 19. Re1 0-0 20. Qd2 Be6 21. Bf2 Rae8 22. Re4 Qd8 23. Rhe1 Bd5 24. Nxd5 cxd5 25. Re6 Qc8 26. R6e2 Qb8 27. Kb1 Kh7 28. Bg1 Kg8 29. Bh2 Qc8 30. Be5 Qd7 31. c3 a6 32. d4 cxd4 33. cxd4 Qc6 34. Rc1 Qg6 35. Qd3 Rc8 36. Rec2 Rxc2 37. Qxc2 h5 38. Bxg7 Qxg7 39. Nh2 Nxd4 40. Qd3 Rf4 41. Nf3 Nxf3 42. Qxd5+ Qf7 43. Qd8+ Qf8 44. Qd5+ Qf7 45. Qa8+ Qf8 46. Qd5+ 1/2-1/2

[Event "Pardubice Czech op-E 29th"]
[Site "Pardubice"]
[Date "2018.07.13"]
[Round "2"]
[White "Belyakov, Bogdan"]
[Black "Kosek, Marek"]
[Result "1-0"]
[WhiteElo "2489"]
[BlackElo "2113"]
[PlyCount "111"]
[EventDate "2018.07.12"]
[EventType "team"]
[EventRounds "7"]
[EventCountry "CZE"]
[SourceTitle "EXT 2019"]
[Source "ChessBase"]
[SourceDate "2018.10.10"]
[SourceVersion "1"]
[SourceVersionDate "2018.10.10"]
[SourceQuality "1"]
[WhiteTeam "Yamal"]
[BlackTeam "Vysoke Myto"]
[WhiteTeamCountry "RUS"]
[BlackTeamCountry "CZE"]

1. e4 c5 2. c3 d5 3. exd5 Qxd5 4. d4 Nf6 5. Nf3 Bg4 6. Be2 e6 7. h3 Bh5 8. 0-0 cxd4 9. cxd4 Be7 10. Nc3 Qd8 11. Qb3 0-0 12. Qxb7 Nbd7 13. Rd1 Nb6 14. Ne5 Bxe2 15. Nc6 Ba6 16. Qxa6 Qc7 17. Nxe7+ Qxe7 18. Bg5 h6 19. Bh4 Rfd8 20. Rac1 Rd7 21. a4 Rad8 22. a5 Nbd5 23. Nxd5 Rxd5 24. Bxf6 gxf6 25. Rc3 Qb4 26. Rg3+ Kh7 27. Qxa7 R8d7 28. Qa8 Rd8 29. Qc6 Qxa5 30. Kh2 Qb4 31. Qc2+ f5 32. Rdd3 Qd6 33. Ra3 Qe7 34. Qc3 Qd7 35. Qe1 Qc7 36. Qa1 Qe7 37. b3 R8d7 38. Ra8 Rd8 39. Ra4 R8d7 40. Rc4 Qd8 41. Qc3 Qe7 42. b4 Rd8 43. b5 Qf6 44. b6 Rb5 45. Rb4 Rxb4 46. Qxb4 f4 47. Rb3 Rg8 48. Qc3 Qg5 49. Qd3+ Kh8 50. Qe4 Rb8 51. b7 Kg7 52. Rc3 Qd5 53. Qxd5 exd5 54. Rc7 Kf6 55. Kg1 Kf5 56. f3 1-0

[Event "CZE-chT2D 1617"]
[Site "Czech Republic"]
[Date "2016.10.09"]
[Round "1.5"]
[White "Pulpan, Matej"]
[Black "Kosek, Marek"]
[Result "0-1"]
[WhiteElo "1924"]
[BlackElo "2111"]
[PlyCount "48"]
[EventDate "2016.10.09"]
[EventType "team-tourn"]
[EventRounds "11"]
[EventCountry "CZE"]
[SourceTitle "EXT 2022"]
[Source "ChessBase"]
[SourceDate "2021.10.06"]
[SourceVersion "1"]
[SourceVersionDate "2021.10.06"]
[SourceQuality "1"]
[WhiteTeam "Polabiny III"]
[BlackTeam "Vysoke Myto"]
[WhiteTeamCountry "CZE"]
[BlackTeamCountry "CZE"]

1. e4 c5 2. c3 d5 3. exd5 Qxd5 4. d4 cxd4 5. cxd4 g6 6. Nc3 Qa5 7. Nf3 Bg7 8. Be2 Nf6 9. 0-0 0-0 10. h3 Nc6 11. Be3 Nb4 12. a3 Nbd5 13. Nxd5 Nxd5 14. b4 Qd8 15. Qb3 b6 16. Rac1 Bb7 17. Rfd1 Qd6 18. Nd2 Rac8 19. Ne4 Qb8 20. Nc3 Qa8 21. Bf1 Rfd8 22. Nxd5 Bxd5 23. Bc4 Rxc4 24. Rxc4 b5 0-1

[Event "CZE-chT2D 1415"]
[Site "Czech Republic"]
[Date "2015.03.29"]
[Round "10.7"]
[White "Kosek, Marek"]
[Black "Lorenc, Oldrich"]
[Result "0-1"]
[WhiteElo "2013"]
[BlackElo "2077"]
[PlyCount "78"]
[EventDate "2014.11.02"]
[EventType "team-tourn"]
[EventRounds "11"]
[EventCountry "CZE"]
[SourceTitle "EXT 2022"]
[Source "ChessBase"]
[SourceDate "2021.10.06"]
[SourceVersion "1"]
[SourceVersionDate "2021.10.06"]
[SourceQuality "1"]
[WhiteTeam "Vysoke Myto"]
[BlackTeam "Policka Stefanydes"]
[WhiteTeamCountry "CZE"]
[BlackTeamCountry "CZE"]

1. d4 c5 2. e3 Nf6 3. Nf3 g6 4. g3 Bg7 5. Bg2 0-0 6. 0-0 d6 7. Re1 Nc6 8. d5 Nb4 9. e4 Bg4 10. a3 Na6 11. h3 Bxf3 12. Qxf3 Nd7 13. Qe2 Nc7 14. f4 Rb8 15. Nd2 b5 16. Rb1 a5 17. b3 Nb6 18. Bb2 Qd7 19. Bxg7 Kxg7 20. g4 e6 21. Qd3 b4 22. a4 Rfe8 23. Rbd1 exd5 24. exd5 Rxe1+ 25. Rxe1 Re8 26. Re4 Rxe4 27. Bxe4 Qe7 28. g5 f5 29. Bf3 Qe1+ 30. Kg2 h6 31. gxh6+ Kxh6 32. Nc4 Nxc4 33. Qxc4 Qe3 34. h4 Qd2+ 35. Kg3 Qe1+ 36. Kh3 Qc3 37. Qxc3 bxc3 38. Kg3 Na6 39. Bd1 Nb4 0-1

[Event "CZE-chT2D 1415"]
[Site "Czech Republic"]
[Date "2015.02.22"]
[Round "8.6"]
[White "Kosek, Marek"]
[Black "Sykora, Josef"]
[Result "1/2-1/2"]
[WhiteElo "2013"]
[BlackElo "2117"]
[PlyCount "42"]
[EventDate "2014.11.02"]
[EventType "team-tourn"]
[EventRounds "11"]
[EventCountry "CZE"]
[SourceTitle "EXT 2022"]
[Source "ChessBase"]
[SourceDate "2021.10.06"]
[SourceVersion "1"]
[SourceVersionDate "2021.10.06"]
[SourceQuality "1"]
[WhiteTeam "Vysoke Myto"]
[BlackTeam "Pardubice AKIS"]
[WhiteTeamCountry "CZE"]
[BlackTeamCountry "CZE"]

1. d4 d5 2. Nf3 Nf6 3. g3 c6 4. Bg2 Bg4 5. Ne5 Bh5 6. Nd2 e6 7. 0-0 Nbd7 8. Nd3 Be7 9. Nf4 Bg6 10. c4 0-0 11. cxd5 cxd5 12. Qb3 Qb6 13. Nxg6 hxg6 14. Qd3 Rac8 15. b3 Qc7 16. Nf3 Qc3 17. Qxc3 Rxc3 18. Bd2 Rc2 19. Rfc1 Rfc8 20. Ne1 Rxc1 21. Rxc1 Rxc1 1/2-1/2

[Event "CZE-chT rap"]
[Site "Pardubice"]
[Date "2013.07.12"]
[Round "2.1"]
[White "Cech, Pavel"]
[Black "Kosek, Marek"]
[Result "1-0"]
[WhiteElo "2405"]
[BlackElo "2000"]
[PlyCount "63"]
[EventDate "2013.07.11"]
[EventType "team-swiss"]
[EventRounds "7"]
[EventCountry "CZE"]
[SourceTitle "CBM 155 Extra"]
[Source "ChessBase"]
[SourceDate "2013.08.26"]
[SourceVersion "1"]
[SourceVersionDate "2013.08.26"]
[SourceQuality "1"]

1. d4 d5 2. c4 e6 3. Nc3 Nf6 4. Bg5 Be7 5. Nf3 Nbd7 6. e3 0-0 7. Qc2 a6 8. cxd5 exd5 9. Be2 Re8 10. 0-0 c6 11. h3 Ne4 12. Bf4 Bd6 13. Bxd6 Nxd6 14. Bd3 Nf6 15. Ne5 g6 16. b4 Nfe4 17. Nxe4 dxe4 18. Be2 Qg5 19. Kh2 Be6 20. a4 f6 21. Nc4 Nf5 22. Qxe4 Rad8 23. Nb6 Bc8 24. Bc4+ Kg7 25. Qf3 Nd6 26. Bd3 Be6 27. Rac1 h5 28. Rc5 Qh6 29. d5 Bf5 30. Bxf5 gxf5 31. dxc6 bxc6 32. Rxc6 1-0

[Event "Litomysl op 11th"]
[Site "Litomysl"]
[Date "2009.12.26"]
[Round "1"]
[White "Kosek, Marek"]
[Black "Sodoma, Jan"]
[Result "0-1"]
[WhiteElo "1965"]
[BlackElo "2355"]
[PlyCount "62"]
[EventDate "2009.12.26"]
[EventType "swiss"]
[EventRounds "9"]
[EventCountry "CZE"]
[SourceTitle "CBM 134 Extra"]
[Source "ChessBase"]
[SourceDate "2010.03.03"]
[SourceVersion "1"]
[SourceVersionDate "2010.03.03"]
[SourceQuality "1"]

1. e4 e5 2. Nf3 Nc6 3. Bb5 a6 4. Ba4 Nf6 5. d4 exd4 6. e5 Ne4 7. 0-0 Be7 8. Nxd4 0-0 9. c3 Nc5 10. Bc2 Nxe5 11. Qh5 Ng6 12. f4 Re8 13. Nd2 d5 14. f5 Nf8 15. N2f3 f6 16. b4 Ne4 17. c4 Bxb4 18. cxd5 c6 19. dxc6 Bc3 20. Be3 Bxa1 21. Rxa1 Nd6 22. Bb3+ Kh8 23. cxb7 Bxb7 24. Ne6 Nxe6 25. Bxe6 Qa5 26. Qh3 Bd5 27. Rd1 Bxe6 28. fxe6 Nf5 29. Nd4 Nxe3 30. Qxe3 Rad8 31. a3 Qe5 0-1

[Event "CZE-ch U16"]
[Site "Kouty nad Desnou"]
[Date "2009.03.11"]
[Round "6"]
[White "Kosek, Marek"]
[Black "Vlasak, Lukas"]
[Result "0-1"]
[WhiteElo "1928"]
[BlackElo "2162"]
[PlyCount "94"]
[EventDate "2009.03.07"]
[EventType "swiss"]
[EventRounds "9"]
[EventCountry "CZE"]
[SourceTitle "EXT 2011"]
[Source "ChessBase"]
[SourceDate "2010.11.26"]
[SourceVersion "1"]
[SourceVersionDate "2010.11.26"]
[SourceQuality "1"]

1. d4 Nf6 2. c4 e6 3. Nf3 Bb4+ 4. Nc3 b6 5. e3 Bb7 6. Be2 Ne4 7. Qc2 0-0 8. Bd2 Bxc3 9. Bxc3 f5 10. Bd3 d6 11. b3 Nd7 12. Bb2 a5 13. a3 Ndf6 14. h3 Qe7 15. Qe2 Qe8 16. Rg1 c5 17. Bc2 Bc6 18. a4 Rc8 19. Rc1 Qe7 20. Bd3 Be8 21. Ba3 Kh8 22. Kd1 e5 23. dxe5 dxe5 24. Kc2 Nd6 25. Nxe5 Qxe5 26. Bb2 Qe7 27. Kb1 Bc6 28. f3 Rce8 29. Rce1 Qf7 30. Qc2 Nd7 31. g4 Ne5 32. gxf5 Nxf5 33. Rg4 Nxd3 34. Qxd3 Bxf3 35. Rf4 Bc6 36. Ref1 Qe6 37. Qc3 Be4+ 38. Ka2 Rf7 39. h4 h6 40. h5 Ree7 41. Ka3 Ng3 42. Rxf7 Rxf7 43. Rd1 Nxh5 44. Rg1 Nf6 45. Rd1 Rd7 46. Rg1 Rd3 47. Qc1 b5 0-1

[Event "CZE-ch U16"]
[Site "Kouty nad Desnou"]
[Date "2009.03.10"]
[Round "5"]
[White "Seidl, Antonin"]
[Black "Kosek, Marek"]
[Result "1/2-1/2"]
[WhiteElo "1872"]
[BlackElo "1928"]
[PlyCount "51"]
[EventDate "2009.03.07"]
[EventType "swiss"]
[EventRounds "9"]
[EventCountry "CZE"]
[SourceTitle "EXT 2011"]
[Source "ChessBase"]
[SourceDate "2010.11.26"]
[SourceVersion "1"]
[SourceVersionDate "2010.11.26"]
[SourceQuality "1"]

1. e4 d6 2. d4 g6 3. Be3 Bg7 4. Qd2 c6 5. Nc3 Nd7 6. Nf3 Ngf6 7. Bh6 0-0 8. Bxg7 Kxg7 9. e5 dxe5 10. dxe5 Ng4 11. 0-0-0 Qb6 12. h3 Ngxe5 13. Nxe5 Nxe5 14. Re1 Qc7 15. f4 Rd8 16. Qf2 Nd7 17. Rxe7 Qd6 18. Re1 Nb6 19. Rd1 Qc7 20. Bd3 Be6 21. f5 Bd5 22. fxg6 fxg6 23. Rhf1 Rf8 24. Qd4+ Kg8 25. Ne4 Qg7 26. Qxg7+ 1/2-1/2

[Event "CZE-ch U16"]
[Site "Sec u Chrudimi"]
[Date "2008.10.29"]
[Round "6"]
[White "Kosek, Marek"]
[Black "Zvara, David"]
[Result "1-0"]
[WhiteElo "1918"]
[BlackElo "1826"]
[PlyCount "103"]
[EventDate "2008.10.25"]
[EventType "swiss"]
[EventRounds "9"]
[EventCountry "CZE"]
[SourceTitle "EXT 2022"]
[Source "ChessBase"]
[SourceDate "2021.10.06"]
[SourceVersion "1"]
[SourceVersionDate "2021.10.06"]
[SourceQuality "1"]

1. c4 e5 2. Nc3 Bb4 3. g3 Bxc3 4. dxc3 Nc6 5. Bg2 Nge7 6. e4 d6 7. f4 0-0 8. f5 f6 9. Nf3 a6 10. 0-0 Bd7 11. Qe2 Qe8 12. Be3 b6 13. b3 Qf7 14. Rfd1 Rfd8 15. Rd2 b5 16. c5 d5 17. exd5 Nxd5 18. Rxd5 Qxd5 19. c4 bxc4 20. bxc4 Qe4 21. Nh4 Nd4 22. Qd2 Qc2 23. Bxa8 Qxd2 24. Bd5+ Kf8 25. Bxd2 Bxf5 26. Nxf5 Nxf5 27. Ba5 e4 28. Bxe4 Ne3 29. Bd5 Nxd5 30. cxd5 Rxd5 31. Bxc7 Ke8 32. Bd6 Kd7 33. Re1 Rg5 34. Re7+ Kc6 35. Kf2 h5 36. Kf3 g6 37. Re4 Rd5 38. Ke3 Rd1 39. Rd4 Re1+ 40. Kf2 Rb1 41. Ke2 Rg1 42. Rd2 f5 43. Kd3 Re1 44. Rb2 Rd1+ 45. Kc4 Rc1+ 46. Kd4 Rh1 47. Ke5 h4 48. Kf6 hxg3 49. hxg3 a5 50. Kxg6 Rf1 51. Rc2 Rf3 52. Bf4 1-0

[Event "CZE-ch U16"]
[Site "Sec u Chrudimi"]
[Date "2008.10.28"]
[Round "4"]
[White "Kosek, Marek"]
[Black "Kovar, Jan1"]
[Result "1/2-1/2"]
[WhiteElo "1918"]
[BlackElo "1852"]
[PlyCount "96"]
[EventDate "2008.10.25"]
[EventType "swiss"]
[EventRounds "9"]
[EventCountry "CZE"]
[SourceTitle "EXT 2022"]
[Source "ChessBase"]
[SourceDate "2021.10.06"]
[SourceVersion "1"]
[SourceVersionDate "2021.10.06"]
[SourceQuality "1"]

1. e4 c5 2. Nf3 d6 3. d4 cxd4 4. Nxd4 Nf6 5. Nc3 g6 6. Be2 Bg7 7. Be3 Nc6 8. 0-0 0-0 9. h3 Bd7 10. f4 a6 11. Qd2 b5 12. a3 Rc8 13. Nxc6 Bxc6 14. Bf3 Qc7 15. Rad1 Rfd8 16. Qf2 Qb7 17. Rfe1 e6 18. Rd2 d5 19. Red1 Qa8 20. exd5 Nxd5 21. Nxd5 Bxd5 22. Bxd5 Rxd5 23. Rxd5 exd5 24. c3 Qc6 25. Bd4 Qc4 26. Qf3 Rd8 27. Bxg7 Kxg7 28. Rd4 Qa2 29. Qe2 Qb1+ 30. Kh2 Qf5 31. Qd2 Qe6 32. a4 Qc6 33. axb5 axb5 34. b3 Rc8 35. Rxd5 Qxc3 36. Qxc3+ Rxc3 37. Rxb5 Kf6 38. Kg1 Rc1+ 39. Kf2 Rc2+ 40. Kf3 Rc3+ 41. Kf2 Rc2+ 42. Kg3 Rc3+ 43. Kh2 h5 44. h4 Ke6 45. b4 Rb3 46. Kg1 Rb1+ 47. Kf2 Rb2+ 48. Kg3 Rb3+ 1/2-1/2

[Event "CZE-ch U16"]
[Site "Sec u Chrudimi"]
[Date "2008.10.27"]
[Round "3"]
[White "Braun, Marek"]
[Black "Kosek, Marek"]
[Result "1-0"]
[WhiteElo "1985"]
[BlackElo "1918"]
[PlyCount "135"]
[EventDate "2008.10.25"]
[EventType "swiss"]
[EventRounds "9"]
[EventCountry "CZE"]
[SourceTitle "EXT 2022"]
[Source "ChessBase"]
[SourceDate "2021.10.06"]
[SourceVersion "1"]
[SourceVersionDate "2021.10.06"]
[SourceQuality "1"]

1. d4 d5 2. c4 e6 3. Nc3 c6 4. e3 Nf6 5. Nf3 Nbd7 6. Qc2 Be7 7. b3 Bb4 8. Nd2 e5 9. dxe5 Nxe5 10. Bb2 dxc4 11. Nxc4 Nxc4 12. Bxc4 Bg4 13. 0-0 0-0 14. Ne4 Be7 15. f3 Bf5 16. Nxf6+ Bxf6 17. e4 Bxb2 18. Qxb2 Qb6+ 19. Qf2 Be6 20. Bxe6 fxe6 21. Rad1 Rad8 22. Qxb6 axb6 23. a4 e5 24. Kf2 Rd4 25. Rxd4 exd4 26. Ke2 Kf7 27. Kd3 Rd8 28. Rc1 Ke6 29. Rc4 c5 30. a5 Rd6 31. axb6 Rxb6 32. Rxc5 Rxb3+ 33. Kxd4 Rb2 34. Rg5 g6 35. h4 b5 36. h5 Kf6 37. f4 b4 38. e5+ Kf7 39. hxg6+ hxg6 40. Kc4 b3 41. g3 Rb1 42. Kc3 b2 43. Kc2 Rc1+ 44. Kxb2 Rc4 45. Kb3 Rc1 46. Rg4 Rc5 47. Rg5 Rc1 48. Kb4 Rc2 49. e6+ Kxe6 50. Rxg6+ Kf5 51. Rg5+ Ke4 52. f5 Ke5 53. g4 Rc1 54. Rg6 Rc2 55. f6 Rb2+ 56. Kc3 Rb6 57. f7 Rxg6 58. f8Q Rxg4 59. Qe7+ Kf5 60. Kd3 Rg3+ 61. Kd4 Rg4+ 62. Kd5 Rf4 63. Qe6+ Kg5 64. Ke5 Rg4 65. Qf6+ Kh5 66. Qh8+ Kg5 67. Qh7 Rc4 68. Qg8+ 1-0